000 04581cam a22006014i 4500
003 PE-LiUPU
005 20250731173359.0
008 150706s r 000 0 d
020 _a9781575061177
035 _a(Sirsi) i9781575061177
040 _aPE-LiUPU
_bspa
_cPE-LiUPU
_erda
049 _aPRUA
082 0 4 _a220.93
_bG54
_221
100 1 _aGitin, Seymour,
_eautor.
245 1 0 _aConfronting the past :
_barchaeological and historical essays on ancient Israel in honor of William G. Dever /
_cSeymour Gitin, J. Edward Wright and J. P. Dessel edi.
264 1 _aWinona Lake :
_b Eisenbrauns,
_c 2006.
300 _a376 páginas :
_bilustraciones ;
_c29 centímetros
336 _atext
_2rdacontent
337 _aunmediated
_2rdamedia
338 _avolume
_2rdacarrier
504 _aIncluye referencias bibliográficas.
505 0 _aThe sad fate of statues and the mutilated statues of Hazor -- An archaeologist on mars -- Of pots and paradigms: interpreting the intermediate bronze age in Israel/Palestine -- A decorated ivory lid from tel Miqne/Ekron -- Har resisim 126: an ephemeral early bronze age site -- Gezer rectified: the dating of the south gate complex -- An early iron age i house with a cultic corner at tall al-`umayri, Jordan -- Aphrodite/astarte on horseback -- Planning a paleolithic picnic -- The archaic palace at Ebla: a royal building between early bronze age IVB and middle bronze age I -- Tel beth-shean and the fate of mounds in the intermediate bronze age -- Early bronze age IV transitions: an archaeometallurgical study -- The chipped stone assemblage from be'er resisim in the negev highlands: a preliminary study -- podium structures with lateral access: authority ploys in royal architecture in the iron age levant -- Chariot fittings from philistine ashkelon -- goddesses and cults at tel dor -- Cypriot anthropomorphic figurines of a certain type -- Women and the worship of Yahweh in ancient Israel -- Purity strategies and political interests in the policy of Nehemiah -- Proto-globalization and proto-secularization in ancient israel -- The miraculous wine of cana in its galilean ceramic context -- The archaeology of memory: king Solomon, chronology, and biblical representation -- Khirbet el-Qôm and hebrew and aramaic epigraphy -- The ecological consequences of a siege: A marginal note on deuteronomy 20:19-20 -- Hierarchy or heterarchy? archaeology and the theorizing of israelite society -- Israel and its neighbors then and now: revisionist history and the quest for history in the middle east today -- Ostracon No. 7 from arad reconsidered -- Looking for Bethel: an exercise in historical geography -- In Solomon's temple (1 Kings 6-7): between text and archaeology -- The predecessors of the hyksos -- "His seed is not": 13th-century BCE Israel -- Solomon and gezer -- Hezekiah's tribute, long-distance trade, and the wealth of nations ca. 1,000-600 BC: a new perspective -- Gezer and circumcision -- Covenant and blood rituals: understanding exodus 24:3-8 in its ancient near eastern context -- Trade relations between Mari and Hazor (state of research, 2002) -- Implicit population figures and historical sense: what happened to 200,150 judahites in 701 BCE?.
526 _aSEG42
526 _aSEG41
526 _aSEG40
526 _aSEG39
526 _aP94
526 _aP87
526 _aP86
526 _aP85
526 _aP77
526 _aP76
526 _aP35
541 _g4919118064961297;
630 _aBiblia.
_pA.T.
_xAntigüedades.
630 _aBiblia.
_pA.T.
_xCrítica, interpretación, etc.
650 0 4 _aEdad del Bronce
_zPalestina.
650 0 4 _aEdad del Hierro
_zPalestina.
650 0 4 _aExcavaciones (Arqueología)
_zCercano Oriente Medio.
651 _aCercano Oriente
_xAntigüedades
_93740
651 _aCercano Oriente
_xHistoria
_yHasta 622.
651 _aIsrael
_xAntigüedades
_95033
651 _aPalestina
_xAntigüedades
_93129
651 _aPalestina
_xHistoria
_yHasta 70 d. C.
700 1 _aDessel, J. P.,
_eed.
700 1 _aWright, J. Edward,
_eed.
910 _agl
_bjck
_d20101227
942 _2ddc
_cBOOK
949 _a220.93 G54
_wDEWEY
_c1
_i62455
_lCCODEBUL1
_mBUL
_p70.00
_r0
_sY
_tBOOK
_u2015-7-6
_xTEOLOGIA
_PP35
_0COMPRA
_o.STAFF. Colección General
994 _aC0
_bPEPRU
596 _a1
999 _a220.93 G54
_wDEWEY
_c51506
_i62455
_d51506
_e2019-10-28
_f2021-11-9
_g5
_lCCODEBUL1
_mBUL
_n2
_p70.00
_q5
_r0
_sY
_tBOOK
_u2015-7-6
_xTEOLOGIA
_PP35
_0COMPRA
_o.STAFF. Colección General
980 _81
_gALBERTO SANCHEZ Responsable de Automatización